| 000 | 00703nam a22002417a 4500 | ||
|---|---|---|---|
| 005 | 20170124105920.0 | ||
| 010 | _aB-181203 | ||
| 020 |
_c450.00 _a8121207991 |
||
| 035 | _aB-181203 | ||
| 037 | _bCen Lib/Ret | ||
| 040 |
_aDPL _bEN |
||
| 082 |
_a301.153 _bBET |
||
| 100 |
_aBetai, Ramesh S. _94091 |
||
| 245 |
_aGita and Gandhi ji / _cby Ramesh S.Betai |
||
| 250 | _a2nd ed. | ||
| 260 |
_a New Delhi _bGyan publishing house _c2002 |
||
| 270 |
_a5-Ansari road _b Delhi _e110002 |
||
| 300 |
_axix,307p. : _c22cm(Hb) |
||
| 500 | _aIncludes bibliography reference and index | ||
| 650 |
_aHindu religion _9107669 |
||
| 650 |
_aGandhi study _94093 |
||
| 942 |
_2ddc _cEN _h301.153 _mBET |
||
| 999 |
_c123094 _d123094 |
||